[Event "Luc Bourbonnais mem."]
[Site "Gatineau CAN"]
[Date "2022.10.11"]
[Round "5"]
[White "Arsenault, Michel"]
[Black "Marghetis, Aris"]
[Result "1-0"]
[WhiteElo "1854"]
[BlackElo "1815"]
[PlyCount "69"]
[EventDate "2022.09.13"]
[EventType "swiss"]
[EventRounds "5"]
[EventCountry "CAN"]
[TimeControl "90/30:0"]

1. c4 Nf6 2. g3 g6 3. Bg2 Bg7 4. e4 d6 5. Nc3 c6 6. Nge2 e5 7. O-O O-O 8. d3
Be6 9. b3 Qd7 10. f4 Na6 11. f5 gxf5 12. Bg5 Ng4 13. h3 f6 14. exf5 fxg5 15.
fxe6 Qxe6 16. hxg4 Rxf1+ 17. Kxf1 Rf8+ 18. Kg1 Qxg4 19. Qd2 e4 20. dxe4 Bxc3
21. Nxc3 Qxg3 22. Rf1 Rxf1+ 23. Kxf1 Nc5 24. Ne2 Qe5 25. Qd4 Kf7 26. Qxe5 dxe5
27. Bf3 Kg6 28. Ng3 Nd3 29. Bh5+ Kf6 30. a3 Nf4 31. Bg4 c5 32. Nh5+ Kg6 33.
Nxf4+ gxf4 34. Kg2 Kg5 35. Kh3 1-0

[Event "Luc Bourbonnais mem."]
[Site "Gatineau CAN"]
[Date "2022.10.11"]
[Round "5"]
[White "Blais, Robert"]
[Black "Seguin, Hubert"]
[Result "0-1"]
[WhiteElo "1576"]
[BlackElo "1516"]
[PlyCount "46"]
[EventDate "2022.09.13"]
[EventType "swiss"]
[EventRounds "5"]
[EventCountry "CAN"]

1. e4 c5 2. Nf3 d6 3. c4 Nc6 4. d4 cxd4 5. Nxd4 Nf6 6. Nc3 g6 7. Be2 Bg7 8. O-O
O-O 9. f4 Qb6 10. Be3 Qxb2 11. Nxc6 bxc6 12. Qd2 Qxd2 13. Bxd2 a5 14. Rab1 Nd7
15. f5 Nc5 16. fxg6 fxg6 17. Rxf8+ Kxf8 18. Bf3 Bd7 19. Nd1 Bd4+ 20. Kf1 e5 21.
Ne3 Be6 22. Rb6 Bxe3 23. Bxe3 Bxc4+ 0-1

[Event "Luc Bourbonnais mem."]
[Site "Gatineau CAN"]
[Date "2022.10.11"]
[Round "5"]
[White "Brault, Jean-Francois"]
[Black "Masse-Garneau, Anthony"]
[Result "0-1"]
[WhiteElo "1506"]
[BlackElo "1600"]
[PlyCount "68"]
[EventDate "2022.09.13"]
[EventType "swiss"]
[EventRounds "5"]
[EventCountry "CAN"]
[TimeControl "90/30:0"]

1. c4 c5 2. Nc3 Nc6 3. g3 d6 4. Bg2 Nf6 5. Nf3 e5 6. O-O Be7 7. e3 Bg4 8. h3
Bh5 9. Qb3 Rb8 10. a3 Bg6 11. Ng5 Bd3 12. Re1 Na5 13. Qa4+ Nd7 14. Nxf7 Kxf7
15. Bd5+ Kf8 16. e4 Nf6 17. Be6 Nc6 18. Re3 Nd4 19. b4 Bc2 20. Qa5 Qxa5 21.
bxa5 Nxe6 22. Ra2 Bb3 23. Rb2 Bxc4 24. d3 Ba6 25. Rd2 Nd4 26. Bb2 Kf7 27. Ne2
Rhc8 28. f4 Ke8 29. fxe5 dxe5 30. Bxd4 cxd4 31. Rf3 Rc5 32. g4 Rbc8 33. Kf2 Rc2
34. Ke1 Bxa3 0-1

[Event "Luc Bourbonnais mem."]
[Site "Gatineau CAN"]
[Date "2022.10.11"]
[Round "5"]
[White "Dupont-Mageau, Nicolas"]
[Black "Rioux, Jocelyn"]
[Result "1-0"]
[WhiteElo "1749"]
[BlackElo "1581"]
[PlyCount "79"]
[EventDate "2022.09.13"]
[EventType "swiss"]
[EventRounds "5"]
[EventCountry "CAN"]

1. d4 d5 2. Nc3 c6 3. Bf4 Nf6 4. f3 Bf5 5. Qd2 e6 6. g4 Nxg4 7. fxg4 Qh4+ 8.
Bg3 Qxg4 9. Bh3 Qg6 10. Bxf5 exf5 11. Nf3 Nd7 12. Ne5 Nxe5 13. Bxe5 O-O-O 14.
O-O-O Qe6 15. Rdf1 f6 16. Bg3 g5 17. e3 h5 18. Qd3 Bh6 19. Qxf5 Qxf5 20. Rxf5
g4 21. Kd2 Bg5 22. h4 gxh3 23. Rxh3 h4 24. Bf4 Rdg8 25. Ne2 Kd7 26. Bh2 Ke6 27.
Rf2 Kf7 28. Ng1 Kg6 29. Nf3 Kh5 30. Bg1 Re8 31. Rfh2 Re4 32. Bf2 Rhe8 33. Nxh4
Rxd4+ 34. Kc3 Rc4+ 35. Kd3 Rce4 36. Nf5+ Kg6 37. Nd6 Rd8 38. Nxe4 dxe4+ 39.
Kxe4 Rd2 40. Bh4 1-0

[Event "Luc Bourbonnais mem."]
[Site "Gatineau CAN"]
[Date "2022.10.11"]
[Round "5"]
[White "Labelle, Raymond"]
[Black "Legault, Stephane"]
[Result "1-0"]
[WhiteElo "1486"]
[BlackElo "1455"]
[PlyCount "53"]
[EventDate "2022.09.13"]
[EventType "swiss"]
[EventRounds "5"]
[EventCountry "CAN"]
[TimeControl "90/30:0"]

1. e4 c5 2. Nf3 Nc6 3. d4 cxd4 4. Nxd4 Qb6 5. Nxc6 dxc6 6. Nc3 Bd7 7. Bc4 O-O-O
8. Qf3 Nf6 9. h3 e5 10. Bxf7 Bb4 11. Bb3 Rhf8 12. Qe2 Nxe4 13. O-O Ng3 14. Qe1
Nxf1 15. Qxf1 Bxc3 16. bxc3 c5 17. Be3 Qg6 18. Kh1 Bc6 19. Bxc5 Rf5 20. Bxa7
Rh5 21. f3 Rf8 22. Qc4 Kc7 23. Qc5 Rf6 24. Qe7+ Kc8 25. Rd1 Rxh3+ 26. Kg1 Rh1+
27. Kxh1 1-0

[Event "Luc Bourbonnais mem."]
[Site "Gatineau CAN"]
[Date "2022.10.11"]
[Round "5"]
[White "Lavergne, Daniel"]
[Black "Scantland, Patrick"]
[Result "0-1"]
[WhiteElo "1745"]
[BlackElo "1696"]
[PlyCount "56"]
[EventDate "2022.09.13"]
[EventType "swiss"]
[EventRounds "5"]
[EventCountry "CAN"]
[TimeControl "90/30:0"]

1. e4 c5 2. Nf3 d6 3. d4 cxd4 4. Nxd4 Nf6 5. Nc3 a6 6. Bc4 e6 7. Bb3 b5 8. O-O
Be7 9. Re1 O-O 10. Qf3 Qc7 11. Be3 Nc6 12. e5 Nxd4 13. Bxd4 Bb7 14. Qh3 dxe5
15. Bxe5 Qc6 16. Re3 Rad8 17. Ne2 Rd2 18. Nd4 Rxd4 19. Bxd4 Rd8 20. c3 Ne4 21.
Bxg7 Kxg7 22. Rae1 Ng5 23. Qg3 Kh8 24. Qe5+ f6 25. Qg3 Rg8 {la transcription
est difficile Ã  interprÃ ter, mais il semble que Rg8 ait Ã tÃ  jouÃ } 26. Rxe6
Nxe6 27. Rxe6 Rxg3 28. Rxc6 Rxg2+ 0-1

[Event "Luc Bourbonnais mem."]
[Site "Gatineau CAN"]
[Date "2022.10.11"]
[Round "5"]
[White "Lecorre, Joel"]
[Black "Lavoie, Aren"]
[Result "1-0"]
[WhiteElo "1501"]
[BlackElo "1404"]
[PlyCount "77"]
[EventDate "2022.09.13"]
[EventType "swiss"]
[EventRounds "5"]
[EventCountry "CAN"]
[TimeControl "90/30:0"]

1. e4 e5 2. Bc4 Nf6 3. d4 Nxe4 4. dxe5 Qe7 5. Qe2 Nc5 6. Nc3 c6 7. Nf3 d5 8.
exd6 Qxe2+ 9. Bxe2 Bxd6 10. b4 Nca6 11. a3 Bf5 12. Bd3 Bxd3 13. cxd3 O-O 14.
O-O Nd7 15. Ne4 Be7 16. d4 Nc7 17. Nc5 Nxc5 18. dxc5 Bf6 19. Rb1 Nd5 20. Bb2
Nc3 21. Bxc3 Bxc3 22. Rb3 Bf6 23. Rd3 Rfd8 24. Rfd1 Rd5 25. Rxd5 cxd5 26. Rxd5
Rc8 27. Kf1 Bb2 28. a4 Ba3 29. Rd4 f6 30. Ne1 a5 31. Nc2 Bb2 32. Rc4 axb4 33.
Rxb4 Bc3 34. Rc4 Be5 35. Nb4 Bd6 36. c6 Bxb4 37. cxb7 Rxc4 38. b8=Q+ Bf8 39.
Qb3 1-0

[Event "Luc Bourbonnais mem."]
[Site "Gatineau CAN"]
[Date "2022.10.11"]
[Round "5"]
[White "Thompson, Francis"]
[Black "Thibault, Mario"]
[Result "1-0"]
[WhiteElo "1666"]
[BlackElo "1762"]
[PlyCount "73"]
[EventDate "2022.09.13"]
[EventType "swiss"]
[EventRounds "5"]
[EventCountry "CAN"]
[TimeControl "90/30:0"]

1. e4 c5 2. Nf3 g6 3. Nc3 Bg7 4. d4 cxd4 5. Nxd4 Nc6 6. Be3 Nf6 7. Be2 O-O 8.
Nb3 a5 9. a4 d6 10. h3 Be6 11. f4 Nd7 12. O-O Nb6 13. Nd5 Bxd5 14. exd5 Nb4 15.
c3 N4xd5 16. Bd4 e5 17. fxe5 Bxe5 18. Bf3 Re8 19. Kh1 Qc7 20. Bxe5 Rxe5 21. Re1
Ne3 22. Qd3 Nbc4 23. Re2 Rae8 24. Nd4 d5 25. Rae1 Qe7 26. b3 Nd6 27. Bxd5 Qg5
28. Bxf7+ Nxf7 29. Nf3 Rd5 30. Rxe3 Rxe3 31. Qxe3 Qd8 32. Qe8+ Kg7 33. Nd4 Qxe8
34. Rxe8 Kf6 35. Re6+ Kg7 36. Re7 Kf8 37. Rxb7 1-0

[Event "Luc Bourbonnais mem. U1400"]
[Site "Gatineau CAN"]
[Date "2022.09.13"]
[Round "1"]
[White "Chenard, Paul"]
[Black "Poirier, Simon"]
[Result "0-1"]
[WhiteElo "1072"]
[BlackElo "872"]
[PlyCount "62"]
[EventDate "2022.09.13"]
[EventType "swiss"]
[EventRounds "5"]
[EventCountry "CAN"]

1. e4 c5 2. Nf3 Nc6 3. c3 e5 4. Bc4 Nf6 5. Ng5 d5 6. Qa4 dxc4 7. Qxc4 Qc7 8.
O-O Bd6 9. Nxf7 Qxf7 10. Qxf7+ Kxf7 11. d3 b6 12. Nd2 Ba6 13. Nf3 h6 14. Re1
Bxd3 15. Rd1 c4 16. Nd2 Rad8 17. b3 b5 18. Nf3 Nxe4 19. a4 Nxc3 20. Rd2 Ne2+
21. Kh1 Nxc1 22. Rxc1 e4 23. Ne1 Bf4 24. Rdd1 Bxc1 25. Rxc1 a6 26. axb5 axb5
27. bxc4 Bxc4 28. h3 Rhe8 29. Rc3 Rd1 30. Re3 Nd4 31. Kh2 Nf5 0-1

[Event "Luc Bourbonnais mem. U1400"]
[Site "Gatineau CAN"]
[Date "2022.09.13"]
[Round "1"]
[White "Fiset, Daniel"]
[Black "Bernard, Pierre-Luc"]
[Result "1-0"]
[WhiteElo "1348"]
[BlackElo "1258"]
[PlyCount "67"]
[EventDate "2022.09.13"]
[EventType "swiss"]
[EventRounds "5"]
[EventCountry "CAN"]

1. e4 g6 2. d4 Bg7 3. Nf3 d6 4. Be2 Nf6 5. Nc3 O-O 6. O-O Re8 7. Bf4 Bg4 8. h3
Bd7 9. e5 dxe5 10. dxe5 Nh5 11. Be3 Nc6 12. Bd4 Nxd4 13. Qxd4 f6 14. Rad1 fxe5
15. Qxd7 Qxd7 16. Rxd7 Nf4 17. Rxc7 Nxe2+ 18. Nxe2 Rac8 19. Rxc8 Rxc8 20. c3 h6
21. Rd1 Rc7 22. Rd5 e6 23. Rd8+ Kh7 24. Nc1 Bf6 25. Rd1 a6 26. Re1 Rd7 27. Nb3
b6 28. Nxe5 Bxe5 29. Rxe5 Rd1+ 30. Kh2 Rd6 31. Nd4 g5 32. Rxe6 Rxe6 33. Nxe6 b5
34. Nc7 1-0

[Event "Luc Bourbonnais mem. U1400"]
[Site "Gatineau CAN"]
[Date "2022.09.13"]
[Round "1"]
[White "Jacques, Olivier"]
[Black "Arcand, Pierre"]
[Result "1/2-1/2"]
[WhiteElo "1182"]
[BlackElo "1182"]
[PlyCount "77"]
[EventDate "2022.09.13"]
[EventType "swiss"]
[EventRounds "5"]
[EventCountry "CAN"]

1. e4 e5 2. Nf3 Nc6 3. Bc4 h6 4. O-O d6 5. h3 Nf6 6. d3 Be7 7. Re1 O-O 8. Nbd2
Bd7 9. Nf1 Na5 10. Bb3 Nxb3 11. axb3 Re8 12. Be3 a6 13. Ng3 Nh7 14. Qd2 Bg5 15.
Nxg5 Nxg5 16. f4 exf4 17. Bxf4 Qf6 18. c3 Ne6 19. Rf1 Nxf4 20. Qxf4 Qxf4 21.
Rxf4 Re5 22. Raf1 f6 23. Ne2 d5 24. g4 dxe4 25. dxe4 Rae8 26. Ng3 Bc6 27. Re1
Rd8 28. Re2 Rd3 29. Kh2 b5 30. b4 Bb7 31. Rf5 Rxf5 32. Nxf5 Rd7 33. Nd4 Re7 34.
Kg3 Rxe4 35. Rxe4 Bxe4 36. Kf4 Bg2 37. h4 Kf7 38. h5 Bh1 39. Kf5 1/2-1/2

[Event "Luc Bourbonnais mem. U1400"]
[Site "Gatineau CAN"]
[Date "2022.09.13"]
[Round "1"]
[White "Muller, Alyssa"]
[Black "Albert, Michel"]
[Result "0-1"]
[WhiteElo "1023"]
[BlackElo "1118"]
[PlyCount "106"]
[EventDate "2022.09.13"]
[EventType "swiss"]
[EventRounds "5"]
[EventCountry "CAN"]
[TimeControl "60"]

1. e4 e6 2. Nc3 d5 3. Nf3 a6 4. d4 c5 5. Bd3 Nc6 6. Be3 cxd4 7. Nxd4 Nxd4 8.
Bxd4 Nf6 9. Qe2 Bb4 10. a3 Ba5 11. O-O O-O 12. e5 Nd7 13. b4 Bb6 14. Qe3 Bxd4
15. Qxd4 Nb6 16. a4 Bd7 17. a5 Nc4 18. b5 Qg5 19. g3 Nd2 20. Rfe1 Nf3+ 21. Kf1
Nxd4 22. b6 Nf3 23. Re2 Nxh2+ 24. Kg1 Nf3+ 25. Kg2 Qh5 26. Rh1 Qg5 27. Kxf3 g6
28. Kg2 Bc6 29. f4 Qe7 30. Rh2 Qa3 31. Nb1 Qxa5 32. Re1 Qxb6 33. Nc3 Qb4 34.
Reh1 d4+ 35. Ne4 h5 36. Be2 Bxe4+ 37. Bf3 Bxf3+ 38. Kxf3 Qc3+ 39. Kg2 Qxc2+ 40.
Kh3 Qc3 41. Kh4 Qd3 42. g4 Qe4 43. Kg5 Rfc8 44. f5 Qxe5 45. Rd2 Kg7 46. Rb2 Rc3
47. Rxb7 Qg3 48. f6+ Kf8 49. Rd7 Qxg4+ 50. Kh6 Qf4+ 51. Kh7 Qxf6 52. Kh6 Rg3
53. Rxd4 Qg7# 0-1

[Event "Luc Bourbonnais mem. U1400"]
[Site "Gatineau CAN"]
[Date "2022.09.13"]
[Round "1"]
[White "Paquette, Simon"]
[Black "Gratton, Constant"]
[Result "0-1"]
[WhiteElo "1234"]
[BlackElo "1278"]
[PlyCount "42"]
[EventDate "2022.09.13"]
[EventType "swiss"]
[EventRounds "5"]
[EventCountry "CAN"]

1. e4 e5 2. Nc3 Nf6 3. f4 c6 4. Nf3 Bc5 5. Bc4 d6 6. d3 Ng4 7. Rf1 b5 8. Bb3 b4
9. Ne2 Qb6 10. Bxf7+ Kxf7 11. Ng5+ Ke7 12. Nh3 Nxh2 13. fxe5 Nxf1 14. exd6+
Kxd6 15. Bf4+ Ke7 16. Kxf1 Bxh3 17. gxh3 Rf8 18. Kg2 Bd6 19. Qd2 Rf6 20. Bg5
Qf2+ 21. Kh1 Qh2# 0-1

[Event "Luc Bourbonnais mem. U1400"]
[Site "Gatineau CAN"]
[Date "2022.09.13"]
[Round "1"]
[White "Simchowitz, Wladimir"]
[Black "Chartrand, Alexis"]
[Result "1-0"]
[WhiteElo "1162"]
[BlackElo "1107"]
[PlyCount "59"]
[EventDate "2022.09.13"]
[EventType "swiss"]
[EventRounds "5"]
[EventCountry "CAN"]

1. e4 c5 2. Nf3 d6 3. g3 Nf6 4. Nc3 Nc6 5. Bg2 e6 6. b3 Be7 7. O-O O-O 8. Bb2
h6 9. d3 Nd4 10. Nxd4 cxd4 11. Nb5 e5 12. Rc1 Bd7 13. a4 a6 14. Na3 b5 15. c3
Rc8 16. axb5 axb5 17. cxd4 Rxc1 18. Qxc1 d5 19. dxe5 b4 20. exf6 Bxf6 21. Bxf6
Qxf6 22. Nc2 Rc8 23. exd5 Rc3 24. Qd2 Rxb3 25. Nxb4 Rb2 26. Qe1 Qb6 27. Nc6 Bf5
28. Be4 Bh3 29. Bf5 Bxf1 30. Qe8# 1-0

[Event "Luc Bourbonnais mem. U1400"]
[Site "Gatineau CAN"]
[Date "2022.09.13"]
[Round "1"]
[White "Simchowitz, Yves"]
[Black "Sosa, Byron"]
[Result "1-0"]
[WhiteElo "991"]
[BlackElo "720"]
[PlyCount "55"]
[EventDate "2022.09.13"]
[EventType "swiss"]
[EventRounds "5"]
[EventCountry "CAN"]

1. e4 e5 2. Nf3 Nc6 3. Bc4 Bc5 4. Nc3 Nf6 5. d3 d6 6. Ng5 O-O 7. Nd5 Nxd5 8.
Bxd5 Nd4 9. c3 c6 10. Bb3 Nxb3 11. Qxb3 Qb6 12. Qxb6 axb6 13. b4 h6 14. Nf3 Bg4
15. bxc5 Be6 16. cxd6 Rxa2 17. Rxa2 Bxa2 18. O-O f6 19. Be3 c5 20. Ra1 Be6 21.
Ra7 Rb8 22. d4 cxd4 23. cxd4 exd4 24. Bxd4 b5 25. Bb6 b4 26. Bc7 b3 27. Bxb8 b2
28. Rxb7 1-0

[Event "Luc Bourbonnais mem. U1400"]
[Site "Gatineau CAN"]
[Date "2022.09.13"]
[Round "1"]
[White "Vachon, Jean-Clement"]
[Black "Simard, Paul"]
[Result "0-1"]
[WhiteElo "1243"]
[BlackElo "1255"]
[PlyCount "100"]
[EventDate "2022.09.13"]
[EventType "swiss"]
[EventRounds "5"]
[EventCountry "CAN"]

1. e4 c5 2. Nf3 d6 3. Bb5+ Bd7 4. Bxd7+ Qxd7 5. O-O g6 6. c3 Bg7 7. d4 cxd4 8.
cxd4 Nf6 9. Nc3 O-O 10. Re1 Na6 11. a3 Qd8 12. Qe2 Re8 13. Bf4 Nh5 14. Bg3 Nxg3
15. hxg3 Nc7 16. Rad1 a6 17. e5 b5 18. Qe3 Qc8 19. Rc1 Qd7 20. Rcd1 Qc8 21. Qe2
Ne6 22. Rd3 Qc4 23. Re3 Qxe2 24. R3xe2 dxe5 25. Nd5 Rac8 26. Nxe5 Nxd4 27. Re3
Nc2 28. Ng4 Nxe1 29. Nxe7+ Rxe7 30. Rxe7 Nd3 31. b4 f5 32. Ne3 Rc1+ 33. Kh2
Nxf2 34. g4 f4 35. g3 fxe3 36. Rxe3 Nxg4+ 37. Kg2 Nxe3+ 38. Kf3 Nc2 39. Ke4
Nxa3 40. Kd5 Bc3 41. Kc5 Be5+ 42. Kb6 Bxg3 43. Kb7 h5 44. Kxa6 h4 45. Kb6 h3
46. Ka6 h2 47. Kb6 h1=Q 48. Ka6 Rc8 49. Kb6 Nc4+ 50. Kxb5 Qc6# 0-1

[Event "Luc Bourbonnais mem. U1400"]
[Site "Gatineau CAN"]
[Date "2022.09.20"]
[Round "2"]
[White "Albert, Michel"]
[Black "Bernard, Pierre-Luc"]
[Result "1-0"]
[WhiteElo "1118"]
[BlackElo "1258"]
[PlyCount "30"]
[EventDate "2022.09.13"]
[EventType "swiss"]
[EventRounds "5"]
[EventCountry "CAN"]

1. d4 d5 2. Bf4 Nc6 3. c3 g6 4. e3 Nf6 5. Nf3 Bg7 6. Nbd2 O-O 7. Ne5 Nxe5 8.
Bxe5 Ne4 9. Bxg7 Kxg7 10. Bd3 Bf5 11. Rc1 e6 12. g3 Qf6 13. Nxe4 dxe4 14. Bc2
h5 15. h4 Rad8 1-0

[Event "Luc Bourbonnais mem. U1400"]
[Site "Gatineau CAN"]
[Date "2022.09.20"]
[Round "2"]
[White "Arcand, Pierre"]
[Black "Simchowitz, Wladimir"]
[Result "1-0"]
[WhiteElo "1182"]
[BlackElo "1162"]
[PlyCount "81"]
[EventDate "2022.09.13"]
[EventType "swiss"]
[EventRounds "5"]
[EventCountry "CAN"]
[TimeControl "60/30:0"]

1. e4 d5 2. exd5 Qxd5 3. Nc3 Qe6+ 4. Qe2 Qxe2+ 5. Bxe2 Nc6 6. Nf3 Nf6 7. O-O b6
8. d3 Ba6 9. a3 O-O-O 10. h3 g6 11. Bg5 Bg7 12. Rfe1 h6 13. Bh4 g5 14. Bg3 Nd5
15. Nxd5 Rxd5 16. Rab1 Rb5 17. d4 Nxd4 18. Bxb5 Nxb5 19. Rxe7 Rf8 20. c4 Nd6
21. Bxd6 cxd6 22. b3 h5 23. Nxg5 Bf6 24. Rxf7 Rxf7 25. Nxf7 Be7 26. Nh8 b5 27.
cxb5 Bxb5 28. Ng6 Bf6 29. Nf4 h4 30. Rd1 Be5 31. Nd5 Be2 32. Rc1+ Kd7 33. Re1
Bd3 34. Re3 Bc2 35. Nb4 Bf5 36. Nd3 Ke6 37. Nxe5 dxe5 38. Rc3 e4 39. a4 a6 40.
Rc6+ Kd5 41. Rxa6 1-0

[Event "Luc Bourbonnais mem. U1400"]
[Site "Gatineau CAN"]
[Date "2022.09.20"]
[Round "2"]
[White "Boutin, Michel"]
[Black "Chenard, Paul"]
[Result "1-0"]
[WhiteElo "1114"]
[BlackElo "1072"]
[PlyCount "55"]
[EventDate "2022.09.13"]
[EventType "swiss"]
[EventRounds "5"]
[EventCountry "CAN"]
[TimeControl "60/30:0"]

1. e4 e5 2. c4 Nc6 3. a3 Nf6 4. h3 Nd4 5. Nf3 Nxe4 6. Bd3 Bc5 7. Bxe4 f6 8. Nc3
c6 9. O-O O-O 10. d3 d6 11. Nxd4 Bxd4 12. Ne2 f5 13. Bf3 f4 14. Rb1 Qh4 15.
Nxd4 exd4 16. Bg4 f3 17. Bxf3 Qf6 18. Bg4 Bxg4 19. Qxg4 h6 20. b4 Rae8 21. Bd2
g6 22. Bxh6 Rf7 23. Bg5 Qe5 24. Rbe1 Qxe1 25. Rxe1 Rxe1+ 26. Kh2 Rxf2 27. Bh4
Rf5 28. Qxg6+ 1-0

[Event "Luc Bourbonnais mem. U1400"]
[Site "Gatineau CAN"]
[Date "2022.09.20"]
[Round "2"]
[White "Chartrand, Alexis"]
[Black "Mailhiot, Michel"]
[Result "1-0"]
[WhiteElo "1107"]
[BlackElo "1018"]
[PlyCount "57"]
[EventDate "2022.09.13"]
[EventType "swiss"]
[EventRounds "5"]
[EventCountry "CAN"]
[TimeControl "60/30:0"]

1. d4 d5 2. c4 Nf6 3. Nf3 e6 4. g3 Bd6 5. Bg2 O-O 6. O-O Nc6 7. Qc2 Ne4 8. Nc3
Nb4 9. Qd1 Nf6 10. Bg5 Be7 11. Ne5 h6 12. Bxf6 Bxf6 13. Qb3 a5 14. a3 dxc4 15.
Qxc4 Nc2 16. Rac1 Nxd4 17. f4 b5 18. Nxb5 Nf5 19. Rfd1 Nd6 20. Bxa8 Nxc4 21.
Rxd8 Rxd8 22. Nxc4 Bd4+ 23. Nxd4 Rxd4 24. Nxa5 Ra4 25. Rc5 f5 26. e3 Kf7 27.
Bc6 Re4 28. Bxe4 fxe4 29. Rxc7+ 1-0

[Event "Luc Bourbonnais mem. U1400"]
[Site "Gatineau CAN"]
[Date "2022.09.20"]
[Round "2"]
[White "Gratton, Constant"]
[Black "Fiset, Daniel"]
[Result "0-1"]
[WhiteElo "1278"]
[BlackElo "1348"]
[PlyCount "56"]
[EventDate "2022.09.13"]
[EventType "swiss"]
[EventRounds "5"]
[EventCountry "CAN"]
[TimeControl "60/30:0"]

1. e4 d5 2. exd5 Qxd5 3. Nc3 Qa5 4. Nf3 Nf6 5. d4 Bf5 6. Bd3 Bxd3 7. Qxd3 e6 8.
O-O Be7 9. a3 c6 10. b4 Bxb4 11. Qc4 Bxc3 12. Rb1 b5 13. Qd3 Nd5 14. Ne5 O-O
15. Qf3 Bxd4 16. Qe4 Qa4 17. Rd1 Bxf2+ 18. Kxf2 Qxe4 19. Nd3 Nc3 20. Re1 Qf5+
21. Nf4 Nxb1 22. Kg1 Qc5+ 23. Kh1 Nxa3 24. c3 Qxc3 25. Rd1 Na6 26. h3 Rad8 27.
Rf1 b4 28. Be3 Qxe3 0-1

[Event "Luc Bourbonnais mem. U1400"]
[Site "Gatineau CAN"]
[Date "2022.09.20"]
[Round "2"]
[White "Poirier, Simon"]
[Black "Simchowitz, Yves"]
[Result "1-0"]
[WhiteElo "872"]
[BlackElo "991"]
[PlyCount "67"]
[EventDate "2022.09.13"]
[EventType "swiss"]
[EventRounds "5"]
[EventCountry "CAN"]
[TimeControl "60/30:0"]

1. d4 d5 2. Bf4 g6 3. Nf3 Bg7 4. e3 Nf6 5. c4 O-O 6. Nc3 c6 7. cxd5 cxd5 8. Nb5
Qa5+ 9. Nc3 Ne4 10. Qb3 Be6 11. Bd3 Nd7 12. O-O b6 13. Qc2 Rfc8 14. Bxe4 dxe4
15. Qxe4 Nf6 16. Qc2 Bxa2 17. Ne5 Nd5 18. Qd2 Nb4 19. Nxa2 Nxa2 20. Qxa5 bxa5
21. Rxa2 Rc2 22. Rb1 Rb8 23. h3 Rb5 24. Nd3 e6 25. Rc1 Rd2 26. Rc3 Bf8 27. e4
Rd1+ 28. Kh2 Bb4 29. Nxb4 axb4 30. Rc8+ Kg7 31. Rxa7 Rb1 32. Be5+ Kh6 33. Rc5
Rxc5 34. dxc5 1-0

[Event "Luc Bourbonnais mem. U1400"]
[Site "Gatineau CAN"]
[Date "2022.09.20"]
[Round "2"]
[White "Roussel-Lewis, Mathieu"]
[Black "Paquette, Simon"]
[Result "1-0"]
[WhiteElo "1292"]
[BlackElo "1234"]
[PlyCount "35"]
[EventDate "2022.09.13"]
[EventType "swiss"]
[EventRounds "5"]
[EventCountry "CAN"]
[TimeControl "60/30:0"]

1. e4 e5 2. Nf3 Nc6 3. Bb5 a6 4. Ba4 b5 5. Bb3 Nf6 6. d3 Be7 7. O-O O-O 8. Re1
d6 9. h3 Bb7 10. Nc3 Na5 11. Bd2 c5 12. Ne2 Qd7 13. Bxa5 b4 14. a3 Qb5 15. axb4
cxb4 16. Qd2 d5 17. Ng3 Rad8 18. Bxd8 1-0

[Event "Luc Bourbonnais mem. U1400"]
[Site "Gatineau CAN"]
[Date "2022.09.20"]
[Round "2"]
[White "Simard, Paul"]
[Black "Yang, James"]
[Result "1/2-1/2"]
[WhiteElo "1255"]
[BlackElo "1300"]
[PlyCount "107"]
[EventDate "2022.09.13"]
[EventType "swiss"]
[EventRounds "5"]
[EventCountry "CAN"]
[TimeControl "60/30:0"]

1. d4 d5 2. Bf4 Nc6 3. Nf3 Nf6 4. e3 Bg4 5. Be2 e6 6. Nbd2 Bd6 7. Bxd6 Qxd6 8.
c4 dxc4 9. Nxc4 Qb4+ 10. Qd2 Qxd2+ 11. Ncxd2 O-O 12. O-O Rfd8 13. h3 Bf5 14.
Rac1 Ne4 15. Nxe4 Bxe4 16. a3 h6 17. b4 a6 18. Nd2 Bd5 19. e4 Bxe4 20. Nxe4
Nxd4 21. Bf3 Nxf3+ 22. gxf3 Rd3 23. Kg2 Rxa3 24. Rxc7 b5 25. Nd6 f6 26. Rfc1
Kh7 27. Ne4 Rb3 28. Nc5 Rxb4 29. Nxe6 Rg8 30. Rc8 Rxc8 31. Rxc8 g5 32. Ra8 Ra4
33. Nc5 Ra1 34. Rxa6 Rxa6 35. Nxa6 Kg6 36. Kf1 Kf5 37. Ke2 Ke5 38. Kd3 Kd5 39.
Kc3 Kc6 40. Kb4 f5 41. Nc5 h5 42. Ne6 g4 43. Nd4+ Kb6 44. Nxf5 gxh3 45. Ng3 h4
46. Nh1 h2 47. f4 Kc7 48. f5 Kd7 49. Kxb5 Ke7 50. Kc5 Kf6 51. Kd4 Kxf5 52. Ke3
Kg4 53. f3+ Kh3 54. Kf2 1/2-1/2

[Event "Luc Bourbonnais mem. U1400"]
[Site "Gatineau CAN"]
[Date "2022.09.27"]
[Round "3"]
[White "Albert, Michel"]
[Black "Roussel-Lewis, Mathieu"]
[Result "1/2-1/2"]
[WhiteElo "1118"]
[BlackElo "1292"]
[PlyCount "75"]
[EventDate "2022.09.13"]
[EventType "swiss"]
[EventRounds "5"]
[EventCountry "CAN"]

1. d4 d5 2. Bf4 Nf6 3. e3 Bf5 4. Bd3 Bxd3 5. Qxd3 e6 6. c3 Nbd7 7. Nf3 c5 8.
Qe2 h6 9. Na3 a6 10. O-O cxd4 11. exd4 Bxa3 12. bxa3 Rc8 13. Qb2 b5 14. Ne5 Ne4
15. Nf3 Nxc3 16. Rfe1 O-O 17. Bg3 Ne4 18. Ne5 Nxg3 19. hxg3 Nxe5 20. Rxe5 Rc4
21. Rh5 Qf6 22. Rd1 Rfc8 23. Qe2 Rc2 24. Rd2 Rxd2 25. Qxd2 Rc4 26. Rh4 Ra4 27.
Rf4 Qe7 28. Qc2 Rxa3 29. Rf3 Rxf3 30. gxf3 Qa3 31. f4 b4 32. Qc8+ Kh7 33. Qc2+
g6 34. Qc7 Kg7 35. Qe5+ Kf8 36. Qb8+ Kg7 37. Qe5+ Kf8 38. Qc7 1/2-1/2

[Event "Luc Bourbonnais mem. U1400"]
[Site "Gatineau CAN"]
[Date "2022.09.27"]
[Round "3"]
[White "Gratton, Constant"]
[Black "Simard, Paul"]
[Result "0-1"]
[WhiteElo "1278"]
[BlackElo "1255"]
[PlyCount "82"]
[EventDate "2022.09.13"]
[EventType "swiss"]
[EventRounds "5"]
[EventCountry "CAN"]
[TimeControl "60/30:0"]

1. e4 c5 2. Nf3 d6 3. d4 cxd4 4. Nxd4 g6 5. a3 Bg7 6. c3 Nf6 7. f3 O-O 8. Be2
a6 9. Be3 b5 10. O-O Bb7 11. c4 bxc4 12. Bxc4 Qd7 13. Nc3 Nc6 14. b4 Rac8 15.
Nd5 Nxd5 16. Bxd5 Nxd4 17. Bxd4 Bxd4+ 18. Qxd4 Bxd5 19. Qxd5 e6 20. Qd3 Qc6 21.
a4 Qb6+ 22. Kh1 Qxb4 23. Qxa6 Ra8 24. Rfb1 Qxb1+ 25. Rxb1 Rxa6 26. Ra1 Rc8 27.
h4 Rc4 28. a5 Rc5 29. Kh2 Rcxa5 30. Rb1 h5 31. g4 hxg4 32. fxg4 Ra2+ 33. Kg3 e5
34. Rf1 R6a3+ 35. Rf3 Rxf3+ 36. Kxf3 Kg7 37. h5 gxh5 38. gxh5 Kh6 39. Kg4 Re2
40. Kf5 Rf2+ 41. Kg4 Rf4+ 0-1

[Event "Luc Bourbonnais mem. U1400"]
[Site "Gatineau CAN"]
[Date "2022.09.27"]
[Round "3"]
[White "Muller, Alyssa"]
[Black "Sosa, Byron"]
[Result "0-1"]
[WhiteElo "1023"]
[BlackElo "720"]
[PlyCount "68"]
[EventDate "2022.09.13"]
[EventType "swiss"]
[EventRounds "5"]
[EventCountry "CAN"]

1. e4 e5 2. Nf3 Nc6 3. Bc4 Bc5 4. O-O Nf6 5. d3 O-O 6. c3 d6 7. Be3 Bxe3 8.
fxe3 b6 9. d4 Bg4 10. Nbd2 Ne7 11. Qb3 Qe8 12. Ng5 Ng6 13. Bxf7+ Rxf7 14. Nxf7
Qxf7 15. d5 h6 16. c4 Rb8 17. Qc3 Nh4 18. b4 Qg6 19. Rf2 Kh7 20. c5 Nxe4 21.
Qd3 Bf5 22. Re2 Nxd2 23. Qxd2 Nf3+ 24. Kf1 Nxd2+ 25. Rxd2 Rf8 26. Kg1 Be4 27.
a4 a6 28. Rf1 Rxf1+ 29. Kxf1 h5 30. b5 a5 31. cxb6 cxb6 32. Rd1 Qxg2+ 33. Ke1
Qxh2 34. Rd2 Qg3+ 0-1